| 000 | 00869nam0a22002651 4500 | ||
|---|---|---|---|
| 001 | RU\NLR\INFOCOMM_116\5000066512 | ||
| 005 | 20250613091425.0 | ||
| 035 | _a(NLR Aleph) 009108166 | ||
| 090 |
_a8143646 _c8143646 |
||
| 100 | _a20090203d1975 |||y0rusy50 ca | ||
| 101 | 1 |
_aspa _crus |
|
| 102 | _aRU | ||
| 105 | _ay ||||000|y | ||
| 200 | 1 |
_aMás fuerte que el átomo _eNovela _fGueorgui Beriozko _g[Trad. del ruso por Luis Abollado] |
|
| 210 |
_aΜ. _cProgreso _d[1975] |
||
| 215 |
_a344 с. _d20 см |
||
| 300 | _aНа обороте тит. л.: Г. Березко. Сильнее атома | ||
| 686 |
_aЛх-рс1078 _2rubbk |
||
| 700 | 1 |
_9z01790 _aBerezko _bG. S. _f1905- _gGeorgij Sergeevič _4070 |
|
| 790 | 1 |
_9z01700 _aBeriozko _bG. _gGueorgui _4070 |
|
| 801 | 1 |
_aRU _bNLR _c20090203 |
|
| 801 | 0 |
_aRU _bNLR _gPSBO |
|
| 852 |
_aNLR _jЛ31 Д-3/229 |
||
| 942 | _cBOOK | ||
| 980 | _aNB | ||